| 000 | 00868pam a2200241 a 4500 | ||
|---|---|---|---|
| 001 | 3434258 | ||
| 005 | 20180119082252.0 | ||
| 008 | 911023s1992 maua j 001 0 eng | ||
| 010 | _a 91039906 | ||
| 020 |
_a0395606454 : _c$16.95 |
||
| 040 |
_aDLC _cDLC _dDLC |
||
| 041 | 1 | _aeng | |
| 042 | _alcac | ||
| 043 | _anc----- | ||
| 080 | _a307.7609728 XAV | ||
| 082 | 0 | 0 |
_a307.7609728 XAV _220 |
| 100 | 1 | _a16 | |
| 101 | _aHIS | ||
| 245 | 1 | 0 |
_aSan Rafael : _cXavier Hernández ; illustrated by Jordi Ballonga and Josep Escofet ; translated by Kathleen Leverich. |
| 906 |
_a7 _bcbc _corignew _d1 _eocip _f19 _gy-gencatlg |
||
| 942 |
_2ddc _cBK |
||
| 999 |
_c40607 _d40607 |
||